000 00454nam a2200145Ia 4500
003 OSt
005 20260331135526.0
008 211028s2011 xx 000 0 und d
040 _cAIMIT LIBRARY
041 _aeng
100 _aMurthy, Raghavendra;S M Madhukar.
_g916027
_96790
245 _aA study to identify and tap potential mobile retailoutlets for Onida mobiles in Mangalore South /
260 _aMangalore
_bS M Madhukar
_c2011
942 _2ddc
_cPRO
999 _c218360
_d218360